00546pam a2200145 a 4500020002400000041000500024082001600029100001700045245007400062260003200136300002100168930000900189999001700198952018500215 a978-1-85097-183-2c h a617.69bHUG aHugo Burkad. aEsthetics with resin composte basic and TechniqueshTextual Documents aChichesterbWiley-Blackwell a260:c28.5*21.5. a3131 c42500d42500 001040708ReferenceaDCPbDCPd2012-12-04eBharati Mad. Sahakari Grahak Bhandarg12833.00l1o617.69 HUGpDCP-6622q2050-12-31r2023-11-21 00:00:00s2023-11-21t1w2023-02-24yBK